| 000 | 03540nam a2200229Ia 4500 | ||
|---|---|---|---|
| 003 | Ost | ||
| 005 | 20260507074938.0 | ||
| 008 | 260507s9999||||xx |||||||||||||| ||und|| | ||
| 040 | _cfsecg | ||
| 041 | _aara | ||
| 082 | _a657.48 | ||
| 100 |
_aالصفار، هادي رضا _eمؤلف |
||
| 245 | 0 |
_aمبادئ المحاسبة المالية : _bالاصول العلمية في تحضير القوائم المحاسبية / _c هادي رضا الصفار |
|
| 260 |
_aعمان: _bدار المناهج, _c2003 |
||
| 300 |
_a432 صفحة؛ _bإيضاحات ؛ _c24 سم |
||
| 504 | _aبيبليوغرافيا ص.431 | ||
| 520 | _aالمحتويات : تمهيد-مقدمة-الجزء الأول : موازين المراجعة والقوائم المالية المحاسبية : الفصل الأول : تحضير الحسابات الختامية : مفهوم ميزان المراجعة : الفصل الثاني : عرض القوائم المحاسبية : أهمية عرض القوائم المحاسبية : الفصل الثالث : المبادئ المحاسبية والقوائم المحاسبية : الفروض المحاسبية-الجزء الثاني : التسويات الجردية للحسابات الوهمية : الفصل الرابع : التسويات ومبدأ المقابلة : مبدأ مقابلة المصروفات بالإيرادات : الفصل الخامس : التسويات الجردية للمصروفات : علاقة المصروف بالفترة : الفصل السادس : التسويات الجردية للإيرادات : الإيرادات من غير النشاط التجاري-الجزء الثالث : المحاسبة عن الأصول المتداولة : الفصل السابع : المحاسبة عن النقدية في الصندوق : أمانة الصندوق وحساب الصندوق : الفصل الثامن : المحاسبة عن النقدية في البنك : المعاملات المصرفية : الفصل التاسع : المحاسبة عن المدينون : عمليات البيع الآجل : الفصل العاشر : المحاسبة عن أوراق القبض : إثبات أوراق القبض : الفصل الحادي عشر : المحاسبة للاستثمارات في الأوراق المالية : مفهوم الاستثمارات قصيرة الأجل : الفصل الثاني عشر : حسابات المخزون السلعي : طرق القيد للحسابات المخزنية-الجزء الرابع :الأصول الثابتة : الفصل الثالث عشر : الأصول الثابتة الملموسة : كلفة الأصول الثابتة : الفصل الرابع عشر : الاستغناء عن الأصول الثابتة : حالات الاستغناء عن الأصول : الفصل الخامس عشر : الأصول المتناقضة، الموارد الطبيعية : خصائص الأصول المتناقضة : الفصل السادس عشر : الأصول الثابتة غير الملموسة : خصائص الأصول غير الملموسة-الجزء الخامس : المحاسبة عن المطلوبات وحقوق الملكية : الفصل السابع عشر : المطلوبات : المطلوبات قصيرة الأجل : الفصل الثامن عشر : حقوق الملكية : حقوق الملكية للمشروعات الفردية. | ||
| 653 | _aاعداد القوائم | ||
| 653 | _aالتقارير المالية | ||
| 653 | _aمحاسبة مالية | ||
| 942 | _cكتاب | ||
| 999 |
_c41904 _d41904 |
||